00957cam a22002651a 4500001001300000003000400013005001700017008004100034010001700075035002000092040002900112042001200141043001200153050002800165070002400193072001500217100002900232245017700261260007900438300003200517440004400549500001700593504004100610650004000651agr67000046 DLC20260227111025.0870126s1966 dcua b f000 0 eng  aagr67000046  a(OCoLC)15113548 aDLCcIUdDNALdOrPSdDLC apremarc an-us---00aHD1751b.A91854 no. 1040 aA281.9bAg8A no.1040 aE200aE1001 aAllen, Philip T.,d1917-10aFarm real-estate credit :ban analysis of borrowers and lenders, a report based on the debt portion of the 1960 Census sample survey of agriculture /c[by Philip T. Allen]. aWashington :bU.S. Dept. of Agriculture, Economic Research Service,c1966. aiv, 40 p. :bill. ;c26 cm. 0aAgricultural economic report ;vno. 104 aCover title. aIncludes bibliographical references. 0aAgricultural creditzUnited States.